00725nam a2200193 a 4500008004100000040002500041041001300066044001100079080002800090245014000118250001800258260006300276300002200339500006600361700002300427700002500450765004800475020000800523960124s1973||||[C 0 slo c aSNKbslocSNKeAACR21 aslohfre axocSK a75(4-15)"1850/1950"(03)10aOd Maneta po PollockabSlovník západoeurópskeho maliarstva 20. stor. ; Na lexikone aut. prac. John Ashbery ; Prel. Soňa Hollá a2. dopl. vyd. aBratislavabTatranc1973eKošicefVýchodoslov. tlač. a409, [5] s.c8ř aPri tlači použité pôvodné litografie. Tit. dvojlist1 aAshbery, John4aut1 aHollá, Soňa4trl0 tNouveau dictionnaire de la peinture moderne c105